Global feminist perspectives on reproductive rights and reproductive health: (Record no. 292)

MARC details
000 -LEADER
fixed length control field 006890000a22001690004500
008 - FIXED-LENGTH DATA ELEMENTS--GENERAL INFORMATION
fixed length control field 230817t ||||| |||| 00| 0 eng d
082 ## - DEWEY DECIMAL CLASSIFICATION NUMBER
Classification number 363.96
Item number PET
942 ## - ADDED ENTRY ELEMENTS (KOHA)
Item Type Reports
100 ## - MAIN ENTRY--PERSONAL NAME
Personal Name Petchesky, Rosalind P.
700 ## - ADDED ENTRY--PERSONAL NAME
Personal name Weiner, Jennifer A.
245 ## - TITLE STATEMENT
Title Global feminist perspectives on reproductive rights and reproductive health:
Sub Title a report on the special sessions held at the fourth International Interdisciplinary Congress on Women, Hunter College, New York City, June 3-7, 1990
260 ## - PUBLICATION, DISTRIBUTION, ETC. (IMPRINT)
Place of Publication [New York?]:
Date of Copyright [1990?]
300 ## - PHYSICAL DESCRIPTION
Extent v, 55 p. ; 28 cm
Physical Details Bibliography included
650 ## - SUBJECT ADDED ENTRY--TOPICAL TERM
Topical Term Abortion- Law and legislation
650 ## - SUBJECT ADDED ENTRY--TOPICAL TERM
Topical Term Women- Health and hygiene
650 ## - SUBJECT ADDED ENTRY--TOPICAL TERM
Topical Term Pro-choice movement
Holdings
Withdrawn status Lost status Damaged status Not for loan Permanent location Current location Date acquired Total Checkouts Full call number Barcode Date last seen Price effective from Koha item type
        Resource center, Muslim Women's Research And Action Forum Resource center, Muslim Women's Research And Action Forum 2023-08-17   363.96 PET RAF3577 2023-08-17 2023-08-17 Reports

Copyright © 2023 Muslim Women's Research and Action Forum (MWRAF), No 27/3, Anderson Road, Kalubowila, Dehiwela. Funded by The Asia Fundation